000
00272nam a22001097a 4500
082
_a
327.1 DEH'I
100
_a
GRAZIA, ALFRED DE,DE HUSZAR, GEORGE B
_9
60484
245
_a
INTERNATIONAL RELATIONS
260
_a
NEWYORK
_b
BARNES & NOBLE
_c
1953
300
_a
339P
942
_c
BK
999
_c
570189
_d
570189